000 00334 a2200169 4500
001 188600
020 _a85-7715-013-5
040 _cMagnum
100 _aFreire, José da Rocha
240 1 0 _aCordel
_lpor
245 1 0 _aCordel
300 _a158
362 0 _a2005
440 1 _aHedra
697 _aLITERATURA GERAL
942 _cBK
999 _c188600
_d188600